00633pab a2200145 454500008004000000100001800040245007300058260000900131300001300140362000800153520023700161650004400398650002900442773001600471180718b2000 xxu||||| |||| 00| 0 eng d aGross, Elaine aThe Seattle WTO ministerial: complex challenges for the 21st century c2000 ap.106-08 aJun aElaine Gross's eyewitness perspective takes us beyond the Seattle events and offers insight into the role and scope of international organizations if we are to meet the social development challenges of the 21st century. - Reproduced aWorld Trade Organization - 21st century aWorld Trade Organization aDevelopment